01017nam a2200229Ia 4500952014900000952014900149952015600298999001700454003000400471005001700475008004100492020001500533040000900548082001500557100003000572245005000602250001200652260006400664300000900728650001400737942003600751 00102ddc40708INTERNATIONAL ECONOMICSaMESbMEScECO d2019-02-20g115.00l0o337 CHE/Ip23777r2019-02-20 00:00:00t1w2019-02-20yBKzGL6R6 00102ddc40708INTERNATIONAL ECONOMICSaMESbMEScECO d2019-02-20g115.00l0o337 CHE/Ip23778r2019-02-20 00:00:00t2w2019-02-20yBKzGL6R6 00102ddc40708INTERNATIONAL ECONOMICSaMESbMEScECO d2019-02-20l1m2o337 CHE/Ip23875r2025-03-07 08:58:06s2025-02-03t3w2019-02-20yBKzGL6R6 c10241d10241OSt20191219151818.0190216s9999||||xx |||||||||||||| ||und|| a0074620517 coclc a337bCHE/I aCherunilam, Francis 9546 0aInternational Economics /cFrancis Cherunilam a2nd ed. bTata Mcgraw Hill Publishing Company Ltd,c1998.aNew Delhi: a431p aEconomics cBK2ddch337iCHE/Ik337mCHE/I